| 000 | 01197cam a22003738i 4500 | ||
|---|---|---|---|
| 001 | 794366309 | ||
| 003 | OCoLC | ||
| 005 | 20160929170829.0 | ||
| 008 | 120713s2012 scu j 000 0 spa | ||
| 010 | _a2012020749 | ||
| 020 | _a9781607186939 (Spanish hardcover) | ||
| 020 | _a1607186934 (Spanish hardcover) | ||
| 020 | _a9781628554113 (Spanish pbk.) | ||
| 035 | _a(OCoLC)794366309 | ||
| 040 |
_aDLC _erda _beng _cDLC _dBTCTA _dSX@ |
||
| 041 | 1 |
_aspa _heng |
|
| 042 | _apcc | ||
| 043 | _azs----- | ||
| 049 | _aSX@A | ||
| 082 | 0 | 0 |
_a523.4 _223 |
| 099 | _a523.4 McGranaghan, J. 2012 | ||
| 100 | 1 | _aMcGranaghan, John. | |
| 240 | 1 | 0 |
_aMeet the planets. _lSpanish. |
| 245 | 1 | 0 |
_aConoce los planetas / _cpor John McGranaghan ; ilustrado por Laurie Allen Klein. |
| 260 |
_aMt. Pleasant, SC : _bSylvan Dell Pub., _c2012, c 2011. |
||
| 300 |
_a1 v. (unpaged) : _bcol. ill. ; _c26 cm. |
||
| 500 | _a“incluye 6 páginas de actividades para la enseñanza” – back cover | ||
| 521 | 1 | _a5-10. | |
| 521 | 2 | _aK to grade 3. | |
| 650 | 0 |
_aPlanets _vJuvenile literature. |
|
| 651 | 0 |
_aSolar system _vJuvenile literature. |
|
| 700 | 1 |
_aKlein, Laurie Allen, _eillustrator. |
|
| 942 |
_2ddc _cBK |
||
| 999 |
_c16265 _d16265 |
||